000 01583cam a2200349 a 4500
001 693096
003 NUST-PNEC
005 20170116180710.0
008 961121s1997 nyua bf 001 0 eng
010 _a 96051648
020 _a0071154485
040 _cPNEC
050 0 0 _aTP151
_b.P45 1997
082 0 0 _a660 PER
_221
100 _9519
_aPerry, Robert H.
245 0 0 _aPerry's chemical engineers' handbook.
250 _a7th ed. /
_bprepared by a staff of specialists under the editorial direction of late editor Robert H. Perry ; editor, Don W. Green ; assistant editor, James O. Maloney.
260 _aNew York :
_bMcGraw-Hill,
_cc1997.
300 _a1 v. (various pagings) :
_bill. ;
_c27 cm.
500 _aIncludes Index http://www.amazon.com/Chemical-Engineers-Handbook-McGraw-Hill-International/dp/0071154485/ref=sr_1_1?s=books&ie=UTF8&qid=1412314890&sr=1-1&keywords=0071154485
504 _aIncludes bibliographical references and index.
650 0 _aChemical engineering
_xME
700 1 _aPerry, Robert H.,
_d1924-1978.
700 1 _aGreen, Don W.
700 1 _aMaloney, James O.
856 4 2 _3Publisher description
_uhttp://www.loc.gov/catdir/description/mh022/96051648.html
856 4 1 _3Table of contents
_uhttp://www.loc.gov/catdir/toc/mh022/96051648.html
856 4 2 _3Contributor biographical information
_uhttp://www.loc.gov/catdir/enhancements/fy0735/96051648-b.html
906 _a7
_bcbc
_corignew
_d1
_eocip
_f19
_gy-gencatlg
942 _2ddc
_cBK
999 _c60931
_d60931